Logos von Fluggesellschaften - Statistiken

Allgemein
  • Dieses Quiz wurde 122 mal gespielt
  • Das Durchschnittsergebnis liegt bei 11 aus 20
Antwortstatistiken
Bildquiz Antwort % Korrekt
Lufthansa
99%
Swiss International
92%
Air Canada
85%
Emirates
77%
Ryanair
72%
KLM
69%
Eurowings
68%
British Airways
62%
Turkish Airlines
58%
South African Airways
56%
Qantas
55%
Thai Airways
50%
American Airlines
47%
Korean Air
39%
Aer Lingus
36%
Alitalia
36%
Japan Airlines
33%
Iberia
19%
Air China
17%
Air New Zealand
11%
Keine übereinstimmenden Quizze gefunden
Verteilung der Resultate
Anzahl Personen mit jedem Resultat
Perzentil nach korrekt beantworteten Fragen
Ihre Resultats-Entwicklung
Sie haben dieses Quiz noch nicht gespielt